2020 Taiwan Legislative Yuan Election - Statistics

General Stats
  • This quiz has been taken 11 times
  • The average score is 5 of 13
Answer Stats
% Party % Correct
45.11/33.98 民主進步黨 Democratic Progressive Party
100%
40.71/33.36 中國國民黨 Kuomintang
100%
1.87/11.22 台灣民眾黨 Taiwan People's Party
80%
NA/1.04 新黨 New Party
60%
0.43/3.66 親民黨 People First Party
50%
0.28/2.41 台灣綠黨 Green Party Taiwan
40%
1.00/7.75 時代力量 New Power Party
40%
0.10/0.14 勞動黨 Labor Party
10%
1.00/3.16 台灣基進 Taiwan Statebuilding Party
10%
0.58/0.28 * 國會政黨聯盟 Congress Party Alliance
0%
0.20/0.67 * 安定力量 Stabilizing Force Party
0%
0.14/1.01 * 一邊一國行動黨 Taiwan Action Party Alliance
0%
0.11/0.12 合一行動聯盟 United Action Alliance
0%
No matching quizzes found
Score Distribution
Percent of People with Each Score
Percentile by Number Answered
Your Score History
You have not taken this quiz